Phân tích những yếu tố tác động đến rủi ro tín dụng cá nhân tại các ngân hàng thương mại trên địa bàn Vĩnh Long : Luận văn Thạc sĩ Kinh tế. Chuyên ngành Tài chính ngân hàng

Đề tài phân tích thực trạng tổng quát về hoạt động tín dụng của các ngâbn hàng thương mại trên địa bàn Vĩnh Long, các yếu tố ảnh hưởng đến xác suất xảy ra rủi ro tín dụng cá nhân và đề xuất các giải pháp nhằm hạn chế rủi ro....

وصف كامل

محفوظ في:
التفاصيل البيبلوغرافية
المؤلف الرئيسي: Nguyễn, Hữu Thiện
التنسيق: كتاب
اللغة:Undetermined
منشور في: Cần Thơ Trường Đại học Cần Thơ 2011
الموضوعات:
الوسوم: إضافة وسم
لا توجد وسوم, كن أول من يضع وسما على هذه التسجيلة!
Thư viện lưu trữ: Trung tâm Học liệu Trường Đại học Cần Thơ
LEADER 01331nam a2200217Ia 4500
001 CTU_166758
008 210402s9999 xx 000 0 und d
082 |a 332.12 
082 |b Th305 
088 |a 60340201 
100 |a Nguyễn, Hữu Thiện 
245 0 |a Phân tích những yếu tố tác động đến rủi ro tín dụng cá nhân tại các ngân hàng thương mại trên địa bàn Vĩnh Long : 
245 0 |b Luận văn Thạc sĩ Kinh tế. Chuyên ngành Tài chính ngân hàng 
245 0 |c Nguyễn Hữu Thiện ; Trương Quang Thông (Hướng dẫn Khoa học) 
260 |a Cần Thơ 
260 |b Trường Đại học Cần Thơ 
260 |c 2011 
520 |a Đề tài phân tích thực trạng tổng quát về hoạt động tín dụng của các ngâbn hàng thương mại trên địa bàn Vĩnh Long, các yếu tố ảnh hưởng đến xác suất xảy ra rủi ro tín dụng cá nhân và đề xuất các giải pháp nhằm hạn chế rủi ro. 
650 |a Banks and banking,Financial management,Ngân hàng và hoạt động ngân hàng,Quản trị tài chính 
904 |i Hải 
980 |a Trung tâm Học liệu Trường Đại học Cần Thơ